| 000 | 00386 a2200169 4500 | ||
|---|---|---|---|
| 001 | 69558 | ||
| 020 | _a9788535622058 | ||
| 040 | _cAnchieta - Itaigara | ||
| 100 | _aPereira, Édimo de Almeida | ||
| 240 | 1 | 0 |
_aO telefone de latas _lpor |
| 245 | 1 | 0 | _aO telefone de latas |
| 300 | _a29 | ||
| 362 | 0 | _a2008 | |
| 440 | 1 | _aPaulinas | |
| 650 | 4 | _aLiteratura infanto-juvenil | |
| 942 | _cBK | ||
| 999 |
_c69558 _d69558 |
||